| 000 | 00798nam a2200241 i 4500 | ||
|---|---|---|---|
| 001 | 98016 | ||
| 003 | ES-MaACL | ||
| 005 | 20250902023436.0 | ||
| 007 | t| | ||
| 008 | 050721s1967 sp ||||1| spa d | ||
| 080 | _a651 | ||
| 100 | 1 |
_aMarlot, Daniel. _976937 |
|
| 245 | 1 | 0 |
_aClasificación y archivo : _bla documentación y sus problemas / _cDaniel Marlot ; [traducción y revisión, Bernardo Muñoz]. |
| 260 |
_aBarcelona : _bSagitario, _c1967. |
||
| 300 |
_a157 p. ; _c21 cm. |
||
| 490 | 1 | _aAdministración de empresas | |
| 650 | 7 |
_aTrabajo de oficina _2embne _9162335 |
|
| 650 | 7 |
_aDocumentación _2embne _911959 |
|
| 700 | 1 |
_aMuñoz, Bernardo. _984296 |
|
| 830 | 1 | 0 |
_aAdministración de empresas (Sagitario) _9185693 |
| 852 | 4 |
_aES-MaACL _jC-33468 |
|
| 999 |
_c98016 _d98016 |
||